01941 a2200217 4500001000700000020001800007040003200025090000800057100001700065245003700082250001100119300000800130362000900138520130000147650002701447650003901474942000701513952009201520952009201612999001901704123616 a9781935543886 cEscola Canadense de Niteroi aDAV aDavies, Anne10aMaking classroom assessment work a3. ed. bil.0 a2011 aWhen should we assess, and when should we evaluate? What might be the results of evaluating too early or too much? How do we know if we are evaluating the right things? How do we know what makes sense for the learner and for the course? These questions are at the heart of Making Classroom Assessment Work. Author Anne Davies offers numerous examples and strategies to make classroom assessments effective by involving parents and the community in the assessment process and engaging students in assessing their own work and setting goals for their learning. Davies emphasizes the difference between assessment of learning and assessment for learning, and favors the latter as a process that not only assesses what has been learned, but also promotes further learning through specific and descriptive feedback, reflection, and setting and monitoring progress toward goals. Each chapter ends with a section of questions and reflections to encourage readers to guide their own learning and the learning of students, to identify key decision points in planning their own individual strategies, and to carry out assessment for learning in a way that fits their classrooms. Readers are encouraged to think about possibilities for their own application of ideas and examples discussed in each chapter. 4aEducation and Teaching 4aEducational tests and measurements cBK 00104070a80.1b80.1d2024-02-09l0oDAVpA17647r2024-02-09 21:19:48w2024-02-09yBK 00104070a80.1b80.1d2024-02-09l0oDAVpA17648r2024-02-09 21:19:48w2024-02-09yBK c123616d123616